000 00288nam a22001217a 4500
040 _cSK
082 _a338
100 _aស្រី សំណិត
245 _aស្ថិតិអប់រំកសិកម្ម
260 _aRUA
_bស្រី
_c1999
300 _a78p.
942 _cKB
999 _c9422
_d9422